| 000 | 00359nam a2200145Ia 4500 | ||
|---|---|---|---|
| 008 | 230917s9999||||xx |||||||||||||| ||und|| | ||
| 040 |
_e38678 _aMAIN |
||
| 041 | _aEnglish | ||
| 082 | _a658.15 K952F | ||
| 100 | _aKuchhal, S C | ||
| 245 | 0 | _aFinancial management | |
| 260 |
_aAllahabad _bChaitanya Publishing House _c1977 |
||
| 300 | _a620 p. | ||
| 942 | _cBK | ||
| 999 |
_c165387 _d165387 |
||